000 00457nam a2200157Ia 4500
003 Ost
005 20260507075700.0
008 260507s9999||||xx |||||||||||||| ||und||
040 _cfsecg
041 _aara
100 _aبوذياب، سليمان
_eمؤلف
245 0 _aقانون الاعمال /
_c سليمان بوذياب
260 _aبيروت:
_bدار العلم للملايين,
_c1988
653 _aقانون اعمال
942 _cكتاب
999 _c45801
_d45801